000 01083cam a2200289 i 4500
999 _c63516
_d63516
001 63516
003 Mx-PuUPA
005 20191213093516.0
008 150918s2002 sp ao gr 001 0 spa d
020 _a844533266X
040 _aMx-PuUPA
_bspa
_cMx-PuUPA
_dMx-PuUPA
_erda
041 0 _aspa
100 1 _aUrtueta Larripa, José Antonio,
_eautor
_99917
245 1 0 _aDe Roma a Santiago de Compostela :
_b[dos centros europeos de peregrinación] /
_cJosé Antonio Urtueta Larripa
264 0 _aSantiago de Compostela :
_bXunta de Galicia,
_bConsellería de Cultura,
_bComunicación social e Turismo,
_c©2002
300 _a267 páginas ;
_c23 cm
336 _atexto
_2rdacontent
_btxt
337 _asin medio
_2rdamedia
_bn
338 _avolumen
_2rdacarrier
_bnc
650 4 _aCamino de Santiago
_xDescripción
650 4 _aPeregrinaciones cristianas
651 4 _aItalia
_xDescripción viajes
942 _2ddc
_cLI
_h914.611
_iU824